000 01065nam a2200265 i 4500
001 bg
100 1 _aLEWIŃSKI, Paweł
245 1 0 _aAnaliza współpracy żelbetowych zbiorników cylindrycznych z podłożem =
_bAnalysis of interaction of reinforced concrete cylindrical tanks with subsoil /
_cPaweł Lewiński.
260 _aWarszawa :
_bWydawnictwa Instytutu Techniki Budowlanej,
_c2007.
300 _a223 s. :
_bwykr. ;
_c24 cm.
490 1 _aPrace Naukowe Instytutu Techniki Budowlanej. Rozprawy =
_aScientific Paper of the Building Research Institute. Dissertationes
500 _aStreszcz. ang.
504 _aBibliogr.
650 9 _aZbiorniki
_xmechanika
_xbadanie
650 9 _aKonstrukcje żelbetowe
_xmechanika
_xbadanie
650 9 _aNaprężenia i odkształcenia
_xbadanie
830 0 _aPrace Naukowe Instytutu Techniki Budowlanej. Rozprawy
020 _a9788324907267
040 _cBPK
041 0 _apol
080 _a624.95:624.012.45/.46:624.04
920 _a978-83-249-0726-7
942 _cKS
008 s pl f |000 0 pol
999 _c53409
_d53409
856 _uhttp://koha.tu.koszalin.pl/cgi-bin/koha/opac-detail.pl?biblionumber=53409
_yKatalog online BPK